Life in a freshwater lake

Bibliographic Details
Other Authors: Jackson, Jay , 1959-
Format: Book
Published: USA : Thomsan Gale , 2006
Subjects:

MARC

LEADER 00000cam a2200000 7i4500
001 0000003738
005 20110504.0
020 0 0 |a 0737731451 
090 0 0 |a 577.63   |b KAY 2006 
245 0 0 |a Life in a freshwater lake   |c Jackson, Kay 
260 0 0 |a USA :   |b Thomsan Gale ,   |c 2006 
300 |a 48 p. :   |b ill. ;   |c 24 cm. 
500 0 0 |a Includes biliography references and index 
650 0 0 |a Lake ecology---Juvenile literature 
650 0 0 |a Lake--Juvenile literature 
700 0 1 |a Jackson, Jay ,   |c 1959- 
999 |a 007185   |b Monograph   |c Open Shelf   |e Default branch